| 000 | 00385nam a2200157Ia 4500 | ||
|---|---|---|---|
| 008 | 210719s1966 xx 000 0 und d | ||
| 041 | _aeng | ||
| 082 | _a491.46E KATF | ||
| 100 | _aKATRE (Sumitra Mangesh) | ||
| 245 | _aFormation of konkani. | ||
| 260 |
_aPoona _bDeccan College _c1966 |
||
| 300 |
_a183 _bPB |
||
| 365 |
_b12 _cRs |
||
| 650 | _aKonkani Language | ||
| 906 | _aKonkani | ||
| 999 |
_c214006 _d214006 |
||